00826nam a22001937a 4500020001800000082001300018100002800031245004800059250001200107260003500119300003300154500002000187650010500207700001800312942000700330999001700337952014500354952013300499 a9788131516706 a621.3845 aAgrawal Dharma Prakash. aIntroduction to wireless and mobile systems a3rd ed. aMexicobCengage Learningc2011 axxvi, 572 p.bill. ;e25 cm. aIncludes index. a1. Wireless communication systems. 2. Mobile communication systems. 3. Computer network protocols. aZeng, Qing-An cBK c11940d11940 001040708NFICaCLbCLcGENd2013-05-30eAllied Book Companyg444.00l1o621.3845 AGRpSEECS012358r2014-09-21s2014-01-20w2013-06-17yBK 001040708NFICaCLbCLcGENd2013-12-27eAllied Book Companyg480.00l0o621.3845 AGRpSEECS013056r2014-01-07w2014-01-07yBK